LDR 00948naa#a2200169#i#450# 001 RU\\bibl\124051 005 20260606222547.6 011 ## _a2073-1574 100 ## _a20260529b2026####ek#y0rusy0150####ca 102 ## _aRU 200 1# _aИсследование влияния характеристик масляных фильтров типа spin-on на рабочие параметры систем смазкивысокооборотных судовых ДВС _eЖурнальная статья 210 1# _aАстрахань _cАстраханский государственный технический университет _d2026 215 ## _a7 с. 608 ## _aЖурнальная статья _2local 675 ## _aчетырехтактные. 621.436.12 _aДизели. Двигатели с воспламенением от сжатия. 621.436 _z 700 #1 _aТерлыч _gСтанислав Владимирович 856 4# _avestnik.astu.org _u